000 00867nas a2200253 4500
001 BR8304422
003 BR-BrBNA
005 20231205085652.0
007 ta
008 230509b bl.|||p| |||| 00| 00por d
040 _aBR-BrBNA
_bpor
_cBiblioteca Nacional de Agricultura
041 _a(Pt)
072 _aL73; L70
100 1 _aMathias, L.A.
100 1 _aPerecim, D.
100 1 _aPinto, A.A.
245 1 _aAnalise quantitativa de tres provas sorologicas utilizadas no diagnostico da brucelose bovina: comparacao entre animais nao vacinados e animais vacinados com Brucella abortus amostra B19
650 _aBOVINO
650 _aBRUCELOSE
650 _aSORO-AGLUTINACAO
773 0 _tRevista de Microbiologia (Brazil)
_xISSN 0001-3714
_g(Jul-Sep 1983), v. 14(3) p. 163-167
_wBR8304422
909 _a202311
_bLúcia
_c55
_dLúcia Elande
942 _2AGRIS
_n0
_cANA
999 _c112932
_d112932